000 00873nam a2200241 a 4500
001 000014085
005 20240412074240.0
008 091204s2006 dr 000 j spa d
020 _a9993442526
040 _aDO-SdBNP
_bspa
_cBNPHU
082 _aRD863.44
_bM524c
100 1 _aMella Chavier, Herman R.,
_d1938-
_931892
245 1 0 _aCantar bien, cantar como ... y otros cuentos /
_cHerman R. Mella Chavier ; prólogo Marcio Veloz Maggiolo.
260 _aSanto Domingo :
_bDirección General de la Feria del Libro,
_c2006.
300 _a81 p. ;
_c23 cm.
490 1 _aEdiciones Ferilibro
_v95
590 _aInventariado, 2019/MFF
650 0 _aCuentos dominicanos
_9176
650 0 _aLiteratura dominicana.
_967
700 1 _aVeloz Maggiolo, Marcio,
_d1936-2021
_epról.
_91104
830 0 _aEdiciones Ferilibro
_v95
_9150
910 _aValidado. Control de calidad MMOLINA
999 _c13687
_d13687